000 00286nam a22001217a 4500
003 OSt
008 150215b xxu||||| |||| 00| 0 eng d
100 1 _aLowe,Robson
041 _aeng
245 1 0 _aThe Encyclopaedia Of British Empire Postage Stamps Vol.V
260 _b1973
300 _a0 pages
999 _c685
_d685